| 000 | 00459pab a2200157 454500 | ||
|---|---|---|---|
| 008 | 180718b2001 xxu||||| |||| 00| 0 eng d | ||
| 100 | _aGeri, Laurance R. | ||
| 245 | _aNew public management and the reform of International organizations | ||
| 260 | _c2001 | ||
| 300 | _ap.445-60 | ||
| 362 | _aSep | ||
| 650 | _aInternational organizations | ||
| 650 | _aPublic administration | ||
| 773 | _aInternational Review of Administrative Sciences | ||
| 909 | _a51236 | ||
| 999 |
_c51236 _d51236 |
||